| 000 | 00622nam a2200181 a 4500 | ||
|---|---|---|---|
| 008 | 120416s1999 ||||||||||||||||| || u | ||
| 020 | _a0419243607 | ||
| 050 | _aQD 142 Cro | ||
| 100 | _aCrompton, T. R | ||
| 245 | 1 | 0 | _aDetermination of organic compounds in natural and treated waters |
| 260 |
_aLondon: _bE and F Spon _c1999 |
||
| 300 | _axliv, 884p. : ill. | ||
| 350 | _a0.00 | ||
| 650 | _aWATER | ||
| 650 | _aOrganic compounds | ||
| 650 | _aWATER--ANALYSIS | ||
| 995 |
_D0.00 _FCBU-MAIN LIBRARY (Kitwe) _H1 _I0.00 _M1 _UAVAILABLE _ZMain Library Open Access Collection |
||
| 999 |
_c39855 _d39855 |
||